Organotransition metal chemistry / (Record no. 7161)

MARC details
000 -LEADER
fixed length control field 00866nam a22002775a 4500
001 - CONTROL NUMBER
control field 13653654
003 - CONTROL NUMBER IDENTIFIER
control field OSt
005 - DATE AND TIME OF LATEST TRANSACTION
control field 20210908100852.0
008 - FIXED-LENGTH DATA ELEMENTS--GENERAL INFORMATION
fixed length control field 040713s2002 enka b 001 0 eng
015 ## - NATIONAL BIBLIOGRAPHY NUMBER
National bibliography number GBA0-U9048
020 ## - INTERNATIONAL STANDARD BOOK NUMBER
International Standard Book Number 0854046224
035 ## - SYSTEM CONTROL NUMBER
System control number (OCoLC)ocm45580573
040 ## - CATALOGING SOURCE
Original cataloging agency UKM
Transcribing agency DDC
Modifying agency C#P
-- DLC
042 ## - AUTHENTICATION CODE
Authentication code lccopycat
082 04 - DEWEY DECIMAL CLASSIFICATION NUMBER
Classification number 547HIL2002
100 1# - MAIN ENTRY--PERSONAL NAME
Personal name Hill, Anthony F.
9 (RLIN) 14739
245 10 - TITLE STATEMENT
Title Organotransition metal chemistry /
Statement of responsibility, etc. Edited by Hill,Anthony F.
260 ## - PUBLICATION, DISTRIBUTION, ETC. (IMPRINT)
Place of publication, distribution, etc. Cambridge, UK :
Name of publisher, distributor, etc. Royal Society of Chemistry,
Date of publication, distribution, etc. c2002.
300 ## - PHYSICAL DESCRIPTION
Extent vi,185p;
Other physical details ill. ;
Dimensions 25 cm.
440 #0 - SERIES STATEMENT/ADDED ENTRY--TITLE
Title Tutorial chemistry texts ;
Volume/sequential designation 7
9 (RLIN) 14741
504 ## - BIBLIOGRAPHY, ETC. NOTE
Bibliography, etc Includes; bibliographical references and index.
650 #0 - SUBJECT ADDED ENTRY--TOPICAL TERM
Topical term or geographic name as entry element Chemistry
9 (RLIN) 797
906 ## - LOCAL DATA ELEMENT F, LDF (RLIN)
a 0
b ibc
c copycat
d 3
e ncip
f 20
g y-gencatlg
942 ## - ADDED ENTRY ELEMENTS (KOHA)
Source of classification or shelving scheme Dewey Decimal Classification
Koha item type Open Shelf
Holdings
Withdrawn status Lost status Source of classification or shelving scheme Damaged status Not for loan Home library Current library Date acquired Source of acquisition Inventory number Total Checkouts Full call number Barcode Date last seen Price effective from Koha item type
    Dewey Decimal Classification     MUST Main Library MUST Main Library 08/09/2021 Donation 04/22243   547HIL2002 2021-0938 08/09/2021 08/09/2021 Open Shelf